[Event "6Ã¨me LUC open"]
[Site "Lille"]
[Date "2015-05-07"]
[Round "5.34"]
[White "CHAIGNET, Lucas"]
[Black "STAS, Arnould"]
[Result "0-1"]
[WhiteElo "1758"]
[BlackElo "1967"]

1. e4 c5 2. Nf3 d6 3. d4 cxd4 4. Nxd4 Nf6 5. Nc3 g6 6. Be3 Bg7 7. f3 Nc6 8. Qd2
O-O 9. O-O-O d5 10. exd5 Nxd5 11. Nxd5 Qxd5 12. Nxc6 Qxc6 13. Bh6 Bf5 14. Bxg7
Kxg7 15. Bd3 Rfd8 16. Qe3 Bxd3 17. Rxd3 Rxd3 18. Qxd3 Rc8 19. h4 Qe6 20. a3 Qc4
21. Kd2 Qf4+ 22. Kd1 Rc6 23. Qe4 Rd6+ 24. Ke2 Re6 0-1

*

[Event "6Ã¨me LUC open"]
[Site "Lille"]
[Date "2015-05-07"]
[Round "5.35"]
[White "ROSENAUER, Horst"]
[Black "DE LAGONTRIE, Jean"]
[Result "1-0"]
[WhiteElo "1966"]
[BlackElo "1796"]

1. e4 c5 2. Nf3 Nc6 3. d4 cxd4 4. Nxd4 Nf6 5. Nc3 e5 6. Ndb5 d6 7. Nd5 Nxd5 8.
exd5 Nb8 9. c4 Be7 10. Bd3 O-O 11. O-O a6 12. Nc3 f5 13. f4 Bf6 14. Kh1 e4 15.
Be2 Nd7 16. Qc2 b6 17. Be3 Bb7 18. Qd2 Rc8 19. Rad1 Qc7 20. Bd4 Bxd4 21. Qxd4
Qc5 22. Qd2 Rce8 23. Na4 Qc7 24. Qe3 Nc5 25. Nc3 Nd7 26. Rg1 Qc5 27. Rd4 Nf6
28. h3 h5 29. a3 Bc8 30. Na4 Qc7 31. Rd2 Bd7 32. Qxb6 Qxb6 33. Nxb6 Rf7 34. Re1
Rb8 35. Nxd7 Rxd7 36. b4 a5 37. Rb2 Kf8 38. Kg1 Rdb7 39. Reb1 g6 40. Kf2 Ke7
41. Ke3 Kd8 42. Kd4 Nd7 43. g4 hxg4 44. hxg4 Ke7 45. gxf5 gxf5 46. Bf1 Rh8 47.
c5 dxc5+ 48. bxc5 Rxb2 49. d6+ Kf6 50. Rxb2 Rc8 51. Rc2 e3 52. c6 Nb8 53. Kd5
Nxc6 54. Rxc6 Rd8 55. Rc7 Re8 56. Be2 a4 57. d7 Rd8 58. Kd6 1-0

*

[Event "6Ã¨me LUC open"]
[Site "Lille"]
[Date "2015-05-07"]
[Round "5.36"]
[White "BAUDE, Christian"]
[Black "LABADIE, Jean-Jacques"]
[Result "0-1"]
[WhiteElo "1735"]
[BlackElo "1958"]

1. d4 Nf6 2. c4 d6 3. Nc3 e5 4. d5 Nbd7 5. e4 Be7 6. Bd3 Nc5 7. Bc2 a5 8. Nge2
O-O 9. O-O Bd7 10. Be3 b6 11. a3 Ng4 12. Bd2 Bg5 13. f3 Bxd2 14. Qxd2 Nh6 15.
b4 Nb7 16. Ba4 Bxa4 17. Nxa4 Qd7 18. Qc2 axb4 19. axb4 f5 20. Nac3 fxe4 21.
Nxe4 Nf5 22. Qc3 c5 23. Rfb1 Nd4 24. Nc1 cxb4 25. Rxb4 Rxa1 26. Qxa1 Nc2 27.
Qa4 Qxa4 28. Rxa4 Nc5 29. Nxc5 bxc5 30. Nd3 Rb8 31. Kf2 Rb3 32. Ra8+ Kf7 33.
Ke2 Nd4+ 34. Ke3 Rc3 35. Ra4 Rc2 36. Nxc5 dxc5 37. Ke4 Re2+ 38. Kd3 Rxg2 39.
Ra5 Nb3 40. Rb5 Rf2 41. Ke3 Rb2 42. f4 Kf6 43. Rb6+ Kf5 44. fxe5 Kxe5 45. Rb7
Rxh2 46. Rxg7 Rh3+ 47. Ke2 Nd4+ 48. Kd2 Nf5 49. Rc7 Nd6 50. Ke2 Kd4 51. Rc6 0-1

*

[Event "6Ã¨me LUC open"]
[Site "Lille"]
[Date "2015-05-07"]
[Round "5.38"]
[White "NOLLET, Fabrice"]
[Black "LUI, Eric"]
[Result "0-1"]
[WhiteElo "1694"]
[BlackElo "1947"]

1. b4 d5 2. Bb2 Qd6 3. a3 e5 4. e3 Be6 5. Nf3 f6 6. Be2 Ne7 7. O-O Ng6 8. d3 c6
9. Nbd2 Nd7 10. c4 Be7 11. Rc1 O-O 12. Qc2 Bd8 13. Qb1 Bc7 14. Rfd1 Rae8 15.
Ba1 Bb8 16. a4 Bg4 17. g3 h5 18. c5 Qe7 19. e4 h4 20. Nxh4 Nxh4 21. Bxg4 f5 22.
Bh3 Qg5 23. Kh1 Re6 24. gxh4 Qxh4 25. Bxf5 Rh6 26. Nf3 Qf4 27. Kg2 Rxf5 28.
exf5 Qg4+ 29. Kf1 Qxf3 30. Qb2 Rxh2 31. Ke1 Qxf5 32. b5 Bc7 33. b6 axb6 34.
cxb6 Bxb6 0-1

*

[Event "6Ã¨me LUC open"]
[Site "Lille"]
[Date "2015-05-07"]
[Round "5.39"]
[White "MARUEJOLS, Claude"]
[Black "DEKETELAERE, Francky"]
[Result "1/2-1/2"]
[WhiteElo "1939"]
[BlackElo "1762"]

1. d4 d6 2. Nf3 Nf6 3. c4 Nbd7 4. Nc3 e5 5. e4 Be7 6. Be2 c6 7. O-O Qc7 8. Be3
O-O 9. d5 Re8 10. h3 Nf8 11. Qd2 Ng6 12. Ne1 h6 13. Nc2 Nh7 14. Bh5 Bg5 15.
Bxg6 fxg6 16. dxc6 bxc6 17. Rfd1 Re6 18. Rac1 Bb7 19. f3 Rf8 20. Qf2 Bxe3 21.
Nxe3 Bc8 22. c5 dxc5 23. Na4 Ref6 24. Ng4 Rf4 25. Qxc5 Bxg4 26. hxg4 R4f6 27.
Rd3 Ng5 28. Rcd1 Kh7 29. Rd7 Qb8 30. Qxa7 Qxa7+ 31. Rxa7 h5 32. gxh5 gxh5 33.
Kh2 h4 34. Re7 h3 35. Rxe5 Kg6 36. Rg1 Rh8 37. Rf1 hxg2+ 38. Kxg2 Rhf8 39. Rf5
Rxf5 40. exf5+ Kxf5 41. Kg3 Rd8 42. Rc1 Rd3 43. Rc5+ Kf6 44. Rxc6+ Ke5 45. Rc5+
Kf6 46. Rc3 Ne4+ 47. Kf4 Nxc3 48. Nxc3 Ke6 49. Ke4 Rd2 50. b4 Kd6 51. f4 Kc6
52. Kf5 Rg2 53. Ne4 Rxa2 54. Kg6 Ra7 55. f5 Kb5 56. Ng5 Kxb4 57. Ne6 Ra5
1/2-1/2

*

[Event "6Ã¨me LUC open"]
[Site "Lille"]
[Date "2015-05-07"]
[Round "5.40"]
[White "BRELOT, Loic"]
[Black "MANET, Eric"]
[Result "0-1"]
[WhiteElo "1679"]
[BlackElo "1934"]

1. e4 c5 2. d4 cxd4 3. c3 Nf6 4. e5 Nd5 5. Qxd4 e6 6. Bc4 Nc6 7. Qe4 f5 8. Qe2
Nb6 9. Bb3 Qc7 10. Nf3 Be7 11. O-O O-O 12. Rd1 Re8 13. Bf4 Na5 14. Bc2 Nd5 15.
Bg5 Qd8 16. Bxe7 Nxe7 17. Na3 a6 18. Rd6 Ng6 19. Rad1 Qc7 20. Qd2 Nc4 21. Nxc4
Qxc4 22. Bb3 Qc7 23. Qd4 b5 24. Bc2 Qa7 25. Qd2 Qc5 26. b4 Qc7 27. Bxf5 Nf8 28.
Be4 Bb7 29. Bxb7 Qxb7 30. Qd4 Rec8 31. Ng5 Rc4 32. Qd3 Rc7 33. Ne4 Rac8 34. Nc5
Rxc5 35. bxc5 Rxc5 36. Qg3 Qc8 37. Qg5 h6 38. Qf4 Rxc3 39. h3 Rc5 40. Qe3 a5
41. Qe2 b4 42. R6d4 Qc7 43. Rd6 Qc8 44. Qh5 Rc2 45. R6d2 Rc5 46. Rd4 Rc4 47.
R4d3 Qd8 48. Rf3 Qe7 49. Rg3 Rh4 50. Qe2 Qc5 51. Qe3 Qxe3 52. Rxe3 Rc4 53. Kf1
Kf7 54. Red3 Ke8 55. Rd6 Rc5 56. f4 Rc4 57. R6d4 Rc5 58. Ke2 Rb5 59. Rb1 g5 60.
g3 Ng6 61. Rbd1 Rb7 62. Ke3 a4 63. Rb1 Ne7 64. Ke4 gxf4 65. Kxf4 Nd5+ 66. Kf3
Rc7 67. Rd3 Rc2 68. Ra1 Nc3 69. Rd4 Nxa2 70. Rxa2 Rxa2 71. Rxb4 a3 72. Rb8+ Kf7
73. Ra8 Ra1 74. Kg4 a2 75. Ra7 Kg6 76. Kh4 Re1 77. Rxa2 Rxe5 78. Ra8 d5 79. g4
d4 80. Rd8 Rd5 81. Re8 Rd6 82. Kg3 d3 0-1

*

[Event "6Ã¨me LUC open"]
[Site "Lille"]
[Date "2015-05-07"]
[Round "5.41"]
[White "TUPET, Guillaume"]
[Black "VERSCHRAEGEN, Thomas"]
[Result "1/2-1/2"]
[WhiteElo "1931"]
[BlackElo "1752"]

1. d4 Nf6 2. c4 c5 3. d5 b5 4. cxb5 a6 5. bxa6 g6 6. Nc3 Bxa6 7. Nf3 d6 8. e4
Bxf1 9. Kxf1 Bg7 10. g3 O-O 11. Kg2 Nbd7 12. Re1 Ng4 13. Nb5 Qb6 14. a4 c4 15.
Qc2 Nc5 16. h3 Nf6 17. Be3 Nfxe4 18. Qxe4 Qxb5 19. Qxe7 Nxa4 20. Qxd6 Rfd8 21.
Qc6 Qxd5 22. Qxd5 Rxd5 23. Re2 Rb5 24. Rc2 Bxb2 25. Ra2 c3 26. Bd4 Rba5 27. Ne5
Rd5 28. Nc6 Kf8 29. Bxc3 1/2-1/2

*

[Event "6Ã¨me LUC open"]
[Site "Lille"]
[Date "2015-05-07"]
[Round "5.42"]
[White "GRIFFON, Olivier"]
[Black "SZURHAJ, William"]
[Result "1-0"]
[WhiteElo "1907"]
[BlackElo "1693"]

1. e4 c5 2. Nc3 g6 3. g3 Bg7 4. Bg2 Nc6 5. d3 Nf6 6. Be3 Nd4 7. h3 O-O 8. Qd2
Rb8 9. f4 e6 10. Nf3 d5 11. Nxd4 cxd4 12. Bxd4 dxe4 13. Be5 e3 14. Qxe3 Ra8 15.
O-O Nd5 16. Nxd5 Bxe5 17. fxe5 exd5 18. d4 Be6 19. b3 Qc8 20. Kh2 Qxc2 21. Rf2
Qc7 22. Rc1 Qd7 23. Rc3 Rac8 24. Rfc2 Rxc3 25. Qxc3 Kg7 26. Qc5 b6 27. Qd6 Rd8
28. Rc7 Qe8 29. Qa3 Ra8 30. Bf1 Qb8 31. Qc1 Qd8 32. Ba6 Qf8 33. a3 Qd8 34. b4
Qf8 35. Qc6 Qd8 36. Qd6 Qe8 37. b5 Rd8 38. Qb4 Rd7 39. Rc2 Qd8 40. Qc3 Qe7 41.
Bc8 Rd8 42. Bxe6 Qxe6 43. Qf3 Rd7 44. Rc6 Qe7 45. g4 h6 46. Kg3 h5 47. Qf4 h4+
48. Kg2 g5 49. Qe3 Kh7 50. Qd3+ Kg7 51. Qf5 Rd8 52. Rf6 Kf8 53. e6 Qxa3 54.
Rxf7+ Ke8 55. Qf2 Rc8 56. Rf3 Qd6 57. Re3 Rc7 58. Qf5 Qe7 59. Qg6+ Kd8 60. Qg8+
Qe8 61. Qxg5+ Kc8 62. Qf5 Qe7 63. Qxd5 Rc2+ 64. Kf3 Qf8+ 65. Qf5 Qe7 1-0

*

[Event "6Ã¨me LUC open"]
[Site "Lille"]
[Date "2015-05-07"]
[Round "5.43"]
[White "BELE, Charles"]
[Black "COTTEGNIE, Francis"]
[Result "0-1"]
[WhiteElo "1666"]
[BlackElo "1904"]

1. e4 e6 2. d4 d5 3. Nd2 dxe4 4. Nxe4 Bd7 5. Bf4 Bc6 6. f3 Nd7 7. Qd2 Ngf6 8.
Bd3 Be7 9. Ne2 O-O 10. O-O-O Nb6 11. Nxf6+ Bxf6 12. Be4 Nd5 13. Be3 a5 14. Kb1
Qe7 15. g4 Nxe3 16. Qxe3 a4 17. a3 Bxe4 18. Qxe4 Ra6 19. f4 Rb6 20. Ka2 Qd7 21.
Nc3 Rb8 22. g5 Be7 23. d5 Qe8 24. dxe6 Rxe6 25. Qxa4 Qf8 26. Kb1 Ra8 27. Qc4
Rc6 28. Qd4 Bxa3 29. bxa3 Rb6+ 30. Ka1 Rxa3+ 0-1

*

[Event "6Ã¨me LUC open"]
[Site "Lille"]
[Date "2015-05-07"]
[Round "5.44"]
[White "VEKEMANS, Sylvain"]
[Black "HIRSCHMANN, Georges"]
[Result "0-1"]
[WhiteElo "1893"]
[BlackElo "1687"]

1. e4 e5 2. c4 Nc6 3. Nc3 g6 4. g3 Bg7 5. Bg2 d6 6. Nge2 Nge7 7. O-O O-O 8. d3
Be6 9. Nd5 Qd7 10. Nec3 Nd4 11. Bg5 c6 12. Bxe7 {partie illisible} 0-1

*

[Event "6Ã¨me LUC open"]
[Site "Lille"]
[Date "2015-05-07"]
[Round "5.45"]
[White "POIVRE, Alain"]
[Black "CARTIGNY, Patrick"]
[Result "0-1"]
[WhiteElo "1627"]
[BlackElo "1886"]

1. e4 e6 2. d4 d5 3. e5 c5 4. c3 Qb6 5. Nf3 Bd7 6. Bd3 Bb5 7. Bc2 cxd4 8. cxd4
Nc6 9. Be3 Rc8 10. Nc3 Bb4 11. Rb1 Ba6 12. a3 Bxc3+ 13. bxc3 Qa5 14. Bd2 Qxa3
15. Rb3 Qe7 16. Bc1 Qc7 17. Bd3 Bxd3 18. Qxd3 Nge7 19. O-O b6 20. Bd2 Na5 21.
Rbb1 Qc4 22. Qc2 Rc7 23. Rfc1 Qc6 24. Ne1 Nc4 25. Ra1 O-O 26. Nd3 a5 27. Be1
Ra8 28. Nb2 b5 29. Nd3 Nf5 30. Qb3 Rb8 31. Nc5 h6 32. g3 Qb6 33. Kg2 a4 34. Qb4
Ne7 35. Nd3 Nc6 36. Qc5 N6a5 37. Qxb6 Rxb6 38. Nc5 Nb3 39. Nxb3 axb3 40. Rcb1
b2 41. Ra2 Rcc6 42. Raxb2 Nxb2 43. Rxb2 Rc4 44. Rb4 Rxb4 45. cxb4 Rc6 46. Kf3
Kh7 47. h4 h5 48. Ke3 Kg6 49. f4 Kf5 50. Kf3 Rc4 51. Ke3 Kg4 52. Kd3 Rc1 53.
Kd2 Rxe1 54. Kxe1 0-1

*

[Event "6Ã¨me LUC open"]
[Site "Lille"]
[Date "2015-05-07"]
[Round "5.46"]
[White "DVORSAK, Hans"]
[Black "GONZALEZ, Arnaud"]
[Result "1-0"]
[WhiteElo "1878"]
[BlackElo "1667"]

1. e4 d6 2. d4 Nf6 3. Nc3 c6 4. f4 Qa5 5. Nf3 Nxe4 6. Qd3 Bf5 7. Nh4 Nxc3 8.
Qxf5 Qxf5 9. Nxf5 Ne4 10. Bd3 Nf6 11. O-O g6 12. Ne3 e6 13. Re1 Bg7 14. f5 e5
15. Nc4 Kd7 16. dxe5 dxe5 17. Nxe5+ Kc7 18. Nxf7 Rg8 19. fxg6 hxg6 20. Re7+
Nbd7 21. Bf4+ Kb6 22. Bxg6 Nd5 23. Rxd7 Nxf4 24. Be4 Rae8 25. Nd6 Nh3+ 26. Kf1
Ref8+ 27. Ke1 Ng5 28. Bd3 Be5 29. Nc4+ Kc5 30. Nxe5 Re8 31. Kd2 Rxe5 32. Re1
Rxe1 33. Kxe1 Re8+ 34. Kd2 Kb6 35. a4 Ne6 36. g4 1-0

*

[Event "6Ã¨me LUC open"]
[Site "Lille"]
[Date "2015-05-07"]
[Round "5.49"]
[White "VAN HOOREBEKE, Jimmy"]
[Black "LECLERCQ, Olivier"]
[Result "1-0"]
[WhiteElo "1841"]
[BlackElo "1545"]

1. e4 e5 2. Nc3 Nf6 3. g3 b6 4. Bg2 Bb7 5. Nge2 d6 6. O-O Nbd7 7. d3 Be7 8. f4
O-O 9. f5 c6 10. h3 Qc7 11. g4 d5 12. g5 Nh5 13. exd5 cxd5 14. Nxd5 Bxd5 15.
Bxd5 Qc5+ 16. Kh2 Qxd5 17. Nc3 Qd6 18. Ne4 Qc7 19. Qxh5 Qxc2+ 20. Rf2 Qxd3 21.
Qg4 Rac8 22. f6 Bc5 23. Rd2 Qf1 24. Rd1 Qb5 25. Rxd7 g6 26. Bd2 Bd4 27. Rxf7
Rxf7 28. Qxc8+ Rf8 29. Qe6+ Rf7 30. Qxf7+ Kxf7 31. Nd6+ Ke6 32. Nxb5 Bxb2 33.
Rf1 Kf7 34. Bb4 Bd4 35. Nxd4 exd4 1-0

*

[Event "6Ã¨me LUC open"]
[Site "Lille"]
[Date "2015-05-07"]
[Round "5.51"]
[White "SHVED, Vassili"]
[Black "VAN LOMMEL, Patrick"]
[Result "0-1"]
[WhiteElo "1580"]
[BlackElo "2120"]

1. e4 e6 2. d4 d5 3. Nc3 Bb4 4. e5 c5 5. Bd2 Nh6 6. Nb5 Bxd2+ 7. Qxd2 O-O 8.
Nf3 a6 9. Na3 cxd4 10. Nxd4 f6 11. exf6 Qxf6 12. c3 Nc6 13. Bd3 e5 14. Ndc2 e4
15. Bf1 Ng4 16. Qxd5+ Kh8 17. f3 exf3 18. Qxf3 Bf5 19. Be2 Rae8 20. O-O Qe5 21.
Qf4 Qxf4 22. Rxf4 Rxe2 23. Raf1 Nh6 24. g4 g5 25. R4f2 Rxf2 26. Rxf2 Nxg4 27.
Rf1 Kg7 28. Nd4 Nxd4 29. cxd4 Be6 30. Re1 Bxa2 31. h3 Nf6 32. Re7+ Rf7 33. Re5
Kg6 34. b4 Rd7 35. Nc2 Bb3 36. Ne3 Rxd4 37. Nf5 Rxb4 38. Ne7+ Kf7 39. Nf5 g4
40. Nd6+ Kf8 41. Rf5 Ke7 42. Nc8+ Ke6 43. Rf2 gxh3 0-1

*

[Event "6Ã¨me LUC open"]
[Site "Lille"]
[Date "2015-05-07"]
[Round "5.54"]
[White "URBANIAK, Patrick"]
[Black "COUSTENOBLE, Hugo"]
[Result "1-0"]
[WhiteElo "1825"]
[BlackElo "1471"]

1. c4 Nf6 2. Nc3 e6 3. d4 Bb4 4. Bd2 O-O 5. Nf3 d5 6. e3 Nbd7 7. Be2 c6 8. O-O
dxc4 9. Bxc4 b5 10. Bd3 a6 11. a3 Be7 12. Qc2 h6 13. b4 Bb7 14. e4 Rc8 15. e5
Nd5 16. Ne4 f5 17. Nc5 Nxc5 18. dxc5 Qe8 19. Rad1 g5 20. Qc1 Rd8 21. Bb1 Kf7
22. Bxg5 hxg5 23. Nxg5+ Bxg5 24. Qxg5 Rg8 25. Qh5+ Ke7 26. Qh4+ Kd7 27. Ba2 Kc7
28. Bxd5 cxd5 29. Qd4 Bc6 30. f4 Qg6 31. Rf2 Rg7 32. Rd3 Rh8 33. Rg3 Qf7 34.
Rxg7 Qxg7 35. Qd3 Rg8 36. a4 Qh7 37. axb5 Bxb5 38. Qa3 Kc6 39. Qa5 Qc7 40. Qa3
Qh7 41. Qe3 Rh8 42. g3 Qh5 43. Qd2 Rd8 44. Kg2 Rh8 45. Kg1 Rd8 46. Qd4 Rg8 47.
Qa1 Qh7 48. Kg2 Rh8 49. Kf3 d4 50. Qxd4 Qd7 51. Qxd7+ Kxd7 52. Rd2+ Ke7 53. Ke3
Rd8 54. Rd6 Bf1 55. Kd4 Be2 56. Ke3 Bf1 57. Kf2 Bd3 58. Rb6 Bb5 59. Rd6 Bd3 60.
h3 Bc4 61. g4 fxg4 62. hxg4 Rxd6 63. cxd6+ Kf7 64. Ke3 Bb5 65. Kd4 Be2 66. Kc5
Bb5 67. Kb6 Ke8 68. Kc7 Ba4 69. g5 Bb5 70. g6 Kf8 71. d7 Bxd7 72. Kxd7 Kg7 73.
Kxe6 Kxg6 1-0

*

[Event "6Ã¨me LUC open"]
[Site "Lille"]
[Date "2015-05-07"]
[Round "5.55"]
[White "HENNE, Jean-Louis"]
[Black "HUYSMAN, Robert"]
[Result "1/2-1/2"]
[WhiteElo "1780"]
[BlackElo "1461"]

1. e4 e6 2. d3 d5 3. Nd2 c5 4. Ngf3 Nc6 5. g3 Nge7 6. Bg2 Ng6 7. O-O Be7 8. Re1
O-O 9. c3 d4 10. Nc4 e5 11. h3 b5 12. Na3 a6 13. Nc2 Be6 14. Kh2 h6 15. cxd4
cxd4 16. Bd2 Rc8 17. Qe2 a5 18. Rec1 b4 19. b3 Na7 20. Nce1 Nb5 21. Qd1 Nc3 22.
Bxc3 bxc3 23. Rc2 Ba3 24. Ng1 Qc7 25. h4 Ne7 26. Bh3 f5 27. exf5 Nxf5 28. Ngf3
Rce8 29. Re2 Bc8 30. Bg2 Bd6 31. Rc1 Rf6 1/2-1/2

*

[Event "6Ã¨me LUC open"]
[Site "Lille"]
[Date "2015-05-07"]
[Round "5.56"]
[White "CHACHIACHVILI, Loma"]
[Black "DE WEIRD, Evy"]
[Result "1/2-1/2"]
[WhiteElo "1420"]
[BlackElo "1730"]

1. e4 c5 2. Nc3 Nc6 3. Nf3 g6 4. d4 cxd4 5. Nxd4 Bg7 6. Nxc6 bxc6 7. Bd2 d6 8.
Bd3 Nf6 9. h3 O-O 10. O-O Rb8 11. Rb1 Nd7 12. Kh1 Nc5 13. Qe2 Bd7 14. f4 Qc7
15. f5 Rfd8 16. fxg6 hxg6 17. Be3 Nxd3 18. Qxd3 Ra8 19. Rf3 Bf6 20. Qd2 Be6 21.
Bd4 Bxd4 22. Qxd4 f6 23. Rg3 Kg7 24. b3 Rh8 25. Qd3 Qd8 26. Ne2 Bf7 27. Nd4 Kf8
28. Rf1 Qc8 29. Qc3 c5 30. Nf3 Rg8 31. Qe3 Kg7 32. Nh4 Rh8 33. Nf5+ Kf8 34. Nh6
Qe6 35. Nxf7 Kxf7 36. Rg5 Kg7 37. Rg3 Rh5 38. c4 Rah8 39. Qd3 Qe5 40. Qe3 Kf7
41. Qd3 R8h6 42. Qd5+ Qxd5 43. exd5 Re5 44. Rf2 Rhh5 45. Rc3 Re4 46. Rcc2 a5
47. Kh2 Re3 48. Kg1 a4 49. Rb2 axb3 50. axb3 Rc3 51. Rfc2 Rxc2 52. Rxc2 f5 53.
Kf2 e6 54. dxe6+ Kxe6 55. Kf3 1/2-1/2

*

[Event "6Ã¨me LUC open"]
[Site "Lille"]
[Date "2015-05-07"]
[Round "5.57"]
[White "BERTINCHAMP, Jean-Louis"]
[Black "WUHRMANN, Daniel"]
[Result "1-0"]
[WhiteElo "1399"]
[BlackElo "1723"]

1. Nf3 Nf6 2. g3 b6 3. Bg2 Bb7 4. c4 e6 5. d3 c5 6. O-O d6 7. Nc3 Nbd7 8. Rb1
Be7 9. b4 cxb4 10. Rxb4 d5 11. Ra4 Bc6 12. cxd5 Bxa4 13. Qxa4 O-O 14. dxe6 fxe6
15. Ng5 Nc5 16. Qc4 Rc8 17. Nxe6 Nxe6 18. Qxe6+ Kh8 19. Ne4 Nxe4 20. Bxe4 Bc5
21. Qh3 g6 22. Bxg6 Rc7 23. e3 Qf6 24. Be4 Re7 25. Bg2 Qf5 26. Qh4 Kg8 27. d4
Bd6 28. e4 Qf7 29. e5 Bb4 30. d5 Bc5 31. Bf4 Qg6 32. d6 Ree8 33. Bd5+ Kh8 34.
e6 Rxe6 35. Bxe6 Qxe6 36. Qe7 Qxe7 37. dxe7 Bxe7 38. Be5+ Kg8 39. f4 a6 40. Rd1
b5 41. Rd7 Rf7 42. Kg2 Bc5 43. Rd8+ Rf8 44. Rxf8+ Kxf8 45. Kf3 Kf7 46. Ke4 a5
47. Bc7 a4 48. Kd5 Bg1 49. h3 Bf2 50. g4 Be3 51. f5 Ke7 52. Bd6+ Kf7 53. Kc6 b4
54. Bxb4 Kf6 55. Bc3+ Kg5 56. Kd7 h5 57. f6 hxg4 58. hxg4 Bc5 59. f7 Kxg4 60.
Bf6 Bf8 61. Be7 Bg7 62. Ke8 Kf5 63. Bf8 Bf6 64. Bh6 1-0

*

[Event "6Ã¨me LUC open"]
[Site "Lille"]
[Date "2015-05-07"]
[Round "5.59"]
[White "RICOU, Guillaume"]
[Black "LEMOINE, Jean-Pierre"]
[Result "1-0"]
[WhiteElo "1460"]
[BlackElo "1608"]

1. e4 e6 2. d4 d5 3. e5 c5 4. c3 Nc6 5. Nf3 Bd7 6. Be2 Qb6 7. a3 cxd4 8. cxd4
Nge7 9. b4 a6 10. Bb2 Nf5 11. O-O Be7 12. g4 Nh4 13. Nbd2 O-O 14. Rc1 Nxf3+ 15.
Nxf3 f6 16. Bd3 fxe5 17. Nxe5 Nxe5 18. dxe5 Rf4 19. Rc2 Ba4 20. Bc1 Bxc2 21.
Bxc2 Rf7 22. Qd3 g6 23. Be3 Qc7 24. f4 Rc8 25. Bb1 Qc3 26. Rc1 Qxd3 27. Rxc8+
Rf8 28. Rxf8+ Kxf8 29. Bxd3 Ke8 30. f5 Kf7 31. f6 Bd8 32. a4 Bc7 33. Bd4 Bd8
34. g5 Bc7 35. Kf2 Kf8 36. a5 Kf7 37. Ke3 Bd8 38. Kf4 Bc7 39. Bc5 Bd8 40. Bb6
Bxb6 41. axb6 Kf8 42. Bxa6 1-0

*

[Event "6Ã¨me LUC open"]
[Site "Lille"]
[Date "2015-05-07"]
[Round "5.60"]
[White "FLOU, Ronald"]
[Black "MANGANI, Jean-Pierre"]
[Result "1/2-1/2"]
[WhiteElo "1603"]
[BlackElo "1463"]

1. e4 e5 2. Nf3 Nc6 3. d4 Nxd4 4. Nxd4 exd4 5. Qxd4 d6 6. Bc4 Nf6 7. O-O Be7 8.
Nc3 O-O 9. Bf4 Be6 10. Rad1 Nh5 11. Be3 a6 12. Be2 Nf6 13. Bf3 Bg4 14. Bxg4
Nxg4 15. h3 Bf6 16. Qd2 Ne5 17. Qe2 Nd7 18. Bd4 b5 19. Nd5 Bxd4 20. Rxd4 Re8
21. Ne3 Nf6 22. f3 d5 23. b4 c6 24. Rfd1 Qb6 25. Qd3 dxe4 26. fxe4 c5 27. bxc5
Qxc5 28. Kh1 Qe5 29. Ng4 Nxg4 30. hxg4 Qe6 31. Rd8 Raxd8 32. Qxd8 Qe7 33. Qb6
Qe6 34. Qxe6 fxe6 35. Rd6 a5 36. Ra6 a4 37. Rb6 Kf7 38. Rxb5 Rd8 39. Rb4 a3 40.
Ra4 Rd2 41. Rxa3 Rxc2 42. Ra4 Kf6 43. Ra5 Re2 44. g5+ Kg6 45. a4 Rxe4 46. Kg1
Re2 47. Rb5 Ra2 48. a5 Ra4 49. Kh2 h6 50. gxh6 gxh6 51. Kg3 Kf6 52. Rh5 Kg6 53.
Rb5 1/2-1/2

*

[Event "6Ã¨me LUC open"]
[Site "Lille"]
[Date "2015-05-07"]
[Round "5.61"]
[White "MANDUCHER, Matthieu"]
[Black "PRUVOST, Alain"]
[Result "0-1"]
[WhiteElo "1457"]
[BlackElo "1587"]

1. e4 c5 2. Nf3 Qa5 3. Nc3 Nc6 4. d4 cxd4 5. Nxd4 Nf6 6. f3 Nxd4 7. Qxd4 e5 8.
Qd3 a6 9. Bd2 Qc7 10. O-O-O h6 11. Nd5 Nxd5 12. Qxd5 Qc5 13. Bc3 Qxd5 14. Rxd5
d6 15. Rd1 Be6 16. Bb4 Rc8 17. Bxd6 Bxd6 18. Rxd6 Bxa2 19. Rb6 Rc7 20. Bxa6 O-O
21. Rxb7 Rc6 22. Bb5 Rc5 23. Bd7 Ra8 24. Rb5 Rxb5 25. Bxb5 Bc4 26. Rd1 Ra1+ 27.
Kd2 Rxd1+ 28. Kxd1 Bxb5 29. g3 g5 30. b3 Kf8 31. c4 Ba6 32. Kd2 Ke7 33. Kc3 Kd6
34. b4 Bb7 35. g4 Kc6 36. h3 f6 37. Kb3 Bc8 38. Ka4 Be6 39. c5 Bc4 40. Ka5 Bb5
0-1

*

[Event "6Ã¨me LUC open"]
[Site "Lille"]
[Date "2015-05-07"]
[Round "5.66"]
[White "QI, Mei"]
[Black "MARIE, Olivier"]
[Result "0-1"]
[WhiteElo "1150"]
[BlackElo "1527"]

1. e4 c5 2. Nf3 g6 3. d4 cxd4 4. Nxd4 Nc6 5. Be3 Nf6 6. Nc3 Bg7 7. Be2 O-O 8.
O-O d5 9. exd5 Nxd5 10. Bf3 Nxe3 11. fxe3 Nxd4 12. exd4 Qxd4+ 13. Qxd4 Bxd4+
14. Kh1 Bf5 15. Bxb7 Rab8 16. Bf3 Rxb2 17. Nd5 Rxc2 18. Nxe7+ Kh8 19. Rad1 Bg7
20. Nxf5 gxf5 21. Bd5 Rc5 22. Rxf5 Rd8 23. g4 Ra5 24. h4 Rxa2 25. Rxf7 Ra4 26.
Bf3 Rxd1+ 27. Bxd1 Ra1 28. Rf1 a5 29. Be2 Ra3 30. Rf3 Ra4 31. Rd3 Bf6 32. h5
Ra2 33. Bf3 a4 34. Bd5 Ra1+ 35. Kg2 a3 36. Be4 a2 37. Bf3 Rc1 38. Ra3 a1=Q 39.
Rxa1 Rxa1 40. Be4 h6 41. Kf3 Kg7 42. Bf5 Bg5 43. Bg6 Kf6 44. Bf5 Ke5 45. Bd3
Kd4 46. Be4 Ra3+ 47. Ke2 Kxe4 48. Kf2 Kf4 49. Kg2 Rc3 50. Kf2 Rc2+ 51. Ke1 Ke3
52. Kd1 Rh2 53. Kc1 Kd3+ 0-1

*

[Event "6Ã¨me LUC open"]
[Site "Lille"]
[Date "2015-05-07"]
[Round "5.67"]
[White "PETIT, Michel"]
[Black "BLONDEL, Francis"]
[Result "0-1"]
[WhiteElo "1298"]
[BlackElo "1503"]

1. c4 d6 2. g3 e5 3. Bg2 c6 4. Nc3 g6 5. b4 a6 6. a4 Ne7 7. Bb2 Bg7 8. Rb1 O-O
9. Nf3 Nd7 10. Ng5 Nf5 11. Nge4 Nb6 12. Qb3 Nd4 13. Qa2 Nc2+ 14. Kf1 f5 15. Ba3
Nd4 16. a5 Nd7 17. Nxd6 Qf6 18. c5+ Kh8 19. e3 Ne6 20. Bb2 Ng5 21. f4 Nf7 22.
Nxc8 Raxc8 23. Bf3 exf4 24. Ne2 Qe7 25. Bxg7+ Kxg7 26. Nxf4 Rfe8 27. Qb2+ Qe5
28. Qb3 Ng5 29. Bg2 Nf6 30. h4 Nge4 31. Bxe4 Nxe4 32. Qb2 Qxb2 33. Rxb2 Nxg3+
34. Kg2 Nxh1 35. Kxh1 Rcd8 36. Kg2 Re4 37. Rb3 Rxd2+ 38. Kf3 Rc4 39. Ne6+ Kf6
40. Nf4 Rcc2 41. Kg3 Rd8 42. Rd3 Rxd3 43. Nxd3 Rc3 44. Nb2 Rxe3+ 45. Kf2 Rh3
46. Nc4 Rxh4 47. Nd6 Rxb4 48. Ne8+ Kg5 49. Ng7 Kg4 50. Ne6 f4 51. Nc7 Rb2+ 52.
Ke1 f3 53. Nd5 cxd5 54. c6 bxc6 55. Kf1 Kg3 56. Ke1 Kg2 57. Kd1 f2 58. Kc1 Ra2
59. Kb1 Re2 0-1

*

[Event "6Ã¨me LUC open"]
[Site "Lille"]
[Date "2015-05-07"]
[Round "5.68"]
[White "DESCHUYTENEER, Lucien"]
[Black "CHACHIACHVILI, Salome"]
[Result "0-1"]
[WhiteElo "1503"]
[BlackElo "1192"]

1. e4 e5 2. Nf3 Nc6 3. Bb5 a6 4. Ba4 b5 5. Bb3 Nf6 6. d3 h6 7. c3 d6 8. O-O Be7
9. Re1 O-O 10. Nbd2 Bd7 11. Nf1 Re8 12. Ng3 Qc8 13. h3 Be6 14. Bc2 Qd7 15. Bd2
d5 16. exd5 Qxd5 17. Bb3 Qd6 18. Bxe6 Qxe6 19. Bf4 Bd6 20. Be3 Nd5 21. Ne4 Nxe3
22. Rxe3 Be7 23. Ng3 b4 24. d4 Qd5 25. dxe5 Qc5 26. cxb4 Qxb4 27. Qc1 Nd4 28.
Nxd4 Qxd4 29. Qc3 Qb6 30. Re2 Bc5 31. Qc2 Bd4 32. Rae1 Rab8 33. b3 Qa5 34. e6
Qg5 35. exf7+ Kxf7 36. Qf5+ Qxf5 37. Nxf5 Bc3 38. Rxe8 Rxe8 39. Rxe8 Kxe8 40.
Kf1 Kd7 41. Ke2 Ke6 42. Ne3 Kd6 43. Kd3 Bf6 44. f3 Kc5 45. Nf5 Kb4 46. Kc2 Ka3
47. Kb1 Bc3 48. Ne7 c5 49. g4 Bf6 50. Nf5 Kb4 51. Nd6 Ka5 52. a3 Be7 53. Nc4+
Kb5 54. Kc2 Bg5 55. Kd3 a5 56. Ke4 a4 57. Nd6+ Kc6 58. Nf5 axb3 59. Kd3 c4+ 60.
Kc3 Bf6+ 61. Kb4 b2 0-1

*

[Event "6Ã¨me LUC open"]
[Site "Lille"]
[Date "2015-05-07"]
[Round "5.74"]
[White "BOUDELLE, Gilles"]
[Black "LECAT, Philippe"]
[Result "1/2-1/2"]
[WhiteElo "1399"]
[BlackElo "1399"]

1. d4 f5 2. Nf3 Nf6 3. Bg5 e6 4. e3 Nc6 5. Nc3 Be7 6. Bxf6 Bxf6 7. a3 d5 8. g3
O-O 9. h4 Qe7 10. Qd2 Bd7 11. Bh3 Rae8 12. O-O-O Na5 13. Kb1 Nc4 14. Qc1 Bc6
15. h5 h6 16. Rhe1 Nd6 17. g4 fxg4 18. Bxg4 Ne4 19. Nxe4 dxe4 20. Nd2 e5 21. c3
exd4 22. cxd4 Bh4 23. Re2 Bb5 24. Nc4 Rb8 25. Rc2 Bxf2 26. Ne5 Qg5 27. Be6+ Kh7
28. Ng6 Rf6 29. Rc5 Bd3+ 30. Ka1 Rxe6 31. Rxg5 hxg5 32. Qc5 c6 33. Nf8+ Rxf8
34. Qxf8 Bxe3 35. Qf5+ Kh6 36. Qxe6+ Kh7 37. h6 g4 38. Qe7 Bxh6 39. Rg1 e3 40.
Rd1 Bg6 41. d5 cxd5 42. Rxd5 g3 43. Qh4 g2 44. Rd1 b6 45. Rg1 e2 46. Rxg2 Bd3
47. Rxg7+ Kxg7 48. Qd4+ Kg8 49. Qg1+ Bg7 50. Ka2 b5 51. b3 a5 52. a4 b4 53. Qg3
Ba6 54. Qe3 Bc3 55. Qe6+ Kg7 56. Qg4+ Kf8 57. Qf3+ Kg7 58. Qg3+ Kf8 59. Qd6+
Kg7 60. Qc7+ 1/2-1/2

*

[Event "6Ã¨me LUC open"]
[Site "Lille"]
[Date "2015-05-06"]
[Round "4.1"]
[White "KARPATCHEV, Aleksandr"]
[Black "VAN FOREEST, Jorden"]
[Result "1-0"]
[WhiteElo "2466"]
[BlackElo "2519"]

1. e4 c5 2. c3 Nf6 3. e5 Nd5 4. Nf3 e6 5. d4 cxd4 6. cxd4 d6 7. Bc4 Nc6 8. O-O
Be7 9. exd6 Qxd6 10. Nc3 O-O 11. Ne4 Qc7 12. Be3 Bd7 13. Rc1 Rad8 14. a3 Be8
15. b4 Qb6 16. Qb3 a6 17. Bxd5 exd5 18. Nc3 Na5 19. Qa2 Nc4 20. Nxd5 Rxd5 21.
Qxc4 Qe6 22. Rfe1 Bb5 23. Qb3 Bd6 24. Bf4 Qf5 25. Bxd6 Rxd6 26. Rc5 Qd7 27. h3
Rd8 28. Rce5 Kf8 29. Ng5 Rg6 30. Nxh7+ Kg8 31. Ng5 Kf8 32. d5 Rd6 33. Qg3 b6
34. Qf4 f6 35. R5e3 Kg8 36. Re7 Qc8 37. Ne6 R8d7 38. Rxg7+ Rxg7 39. Nxg7 Rxd5
40. Ne6 1-0

*